000 00273nam a2200109Ia 4500
008 200302s9999 xx 000 0 und d
100 _aJatin Pandey and Darshana pathak
245 _aGeographic Information System
260 _bTeri pub
260 _c2014
300 _a151 P.,
999 _c4007
_d4007